000 00608nam a2200217 a 4500
005 20230208063858.0
008 090806s2006 mx r 000 0 spa d
020 _a9707704225
035 _aUPN01000171747
049 _aCG
050 4 _aHV5801
_bF7.3
100 1 _aFrey, James
245 1 0 _aEn mil pedazos /
_cJames Frey ; tr. de Eva Rodríguez Halffter.
260 _aMéxico :
_bTaurus,
_c2006.
300 _a515 p.
440 0 _aMemorias y biografías
534 _pTítulo original:
_tA million little pieces
650 4 _aAbuso de drogas
_9242
650 4 _aDROGADICTOS
_95908
905 _aLibro
999 _c143851
_d143851